|
|
|
|
| LEADER |
00778cam a2200205 7i4500 |
| 001 |
0000006147 |
| 005 |
20171031090000.0 |
| 020 |
|
|
|a 9780071147835 (pbk.)
|
| 020 |
|
|
|a 0071147837 (pbk.)
|
| 090 |
0 |
0 |
|a TJ254.5
|b .T87 1996
|
| 100 |
1 |
|
|a Turns, Stephen R
|
| 245 |
1 |
3 |
|a An introduction to combustion :
|b concepts and applications
|c Stephen R. Turns.
|
| 260 |
|
|
|a New York:
|b McGraw-Hill, Inc.,
|c 1996.
|
| 300 |
|
|
|a xxiv, 565 p.:
|b ill.;
|c 23 cm.
|
| 490 |
0 |
|
|a McGraw-Hill series in mechanical engineering
|
| 504 |
|
|
|a Includes bibliographical references and index
|
| 650 |
0 |
0 |
|a Combustion engineering
|
| 997 |
|
|
|a Engineering & Life Sciences, Faculty
|b Engineering, Department
|
| 998 |
|
|
|a Mechanical Engineering, Diploma
|
| 999 |
|
|
|a 0000006184
|b BOK
|c OPEN SHELF
|e 2nd Floor, Bestari Jaya
|